000 00975nas a2200313 4500
001 BR2012001332
003 BR-BrBNA
005 20231205120309.0
007 ta
008 230509b bl.|||p| |||| 00| 00por d
040 _aBR-BrBNA
_bpor
_cBiblioteca Nacional de Agricultura
041 _a(Pt)
072 _aQ02; U10
100 1 _aReis, R.C.
100 1 _aBarbosa, L.S.
100 1 _aLima, M. de L.
100 1 _aReis, J. de S.
100 1 _aDevilla, I.A.
100 1 _aAscheri, D.P.R.
245 1 _aModelagem matemática da secagem da pimenta Cumari do Pará
650 _aCAPSICUM CHINENSE
650 _aDESIDRATAÇÃO
650 _aSECADOR
650 _aMODELO MATEMÁTICO
773 0 _tRevista Brasileira de Engenharia Agrícola e Ambiental (Brazil)
_xISSN 1807-1929
_g(Apr 2011), v.15(4) p. 347-353
_wBR2012001332
856 4 0 _uhttp://www.scielo.br/pdf/rbeaa/v15n4/v15n04a03.pdf
909 _a202311
_bLúcia
_c55
_dLúcia Elande
942 _2AGRIS
_n0
_cANA
999 _c217807
_d217807